00286nam a2200097Ia 4500008004100000245001900041260002400060260004100084260001300125300005000138191206s9999 xx 000 0 und d 0aThree comedies aThe National alumni b"The literature of Italy, 1265-1907" cc[c1907] a"xi, 372 p. col. front. (port.) 3 pl. 24 cm."